[Event "BL 0809 Bayern München - SC Kreuzberg"]
[Site "?"]
[Date "2009.02.01"]
[Round "11.8"]
[White "Unzicker, Ferdinand Dr"]
[Black "Tischbierek, Raj"]
[Result "1-0"]
[WhiteElo "2313"]
[BlackElo "2459"]
[PlyCount "85"]
[EventDate "2009.??.??"]

1. d4 d5 2. c4 c6 3. Nf3 Nf6 4. Nc3 dxc4 5. e4 b5 6. e5 Nd5 7. a4 e6 8. axb5
Nxc3 9. bxc3 cxb5 10. Ng5 Bb7 11. Qh5 Qd7 12. Nxh7 Nc6 13. Nxf8 Rxh5 14. Nxd7
Kxd7 15. Rb1 a6 16. Bxc4 Na5 17. Bf1 Bd5 18. f3 Bc4 19. h4 Bxf1 20. Kxf1 Rc8
21. Bd2 Rc4 22. Ke2 Kc6 23. g4 Rh8 24. h5 Ra4 25. Ra1 Rxa1 26. Rxa1 Kb6 27. Rh1
Nc4 28. g5 a5 29. h6 a4 30. g6 fxg6 31. hxg7 Rg8 32. Bh6 a3 33. Kd3 Ka5 34. Rg1
Ka4 35. Rxg6 a2 36. Rg1 Kb3 37. f4 Kb2 38. d5 exd5 39. Kd4 Nd2 40. Kxd5 Rd8+
41. Ke6 Nb1 42. Rg2+ Nd2 43. g8=Q 1-0

[Event "BL 0809 OSC Baden Baden - SF Katernberg"]
[Site "?"]
[Date "2009.02.01"]
[Round "11.3"]
[White "Glek, Igor V"]
[Black "Bacrot, Etienne"]
[Result "0-1"]
[WhiteElo "2512"]
[BlackElo "2705"]
[PlyCount "57"]
[EventDate "2009.??.??"]

1. e4 c5 2. Nf3 Nc6 3. Bb5 g6 4. O-O Bg7 5. c3 Nf6 6. Re1 O-O 7. e5 Nd5 8. d4
cxd4 9. cxd4 d6 10. Nc3 Nxc3 11. bxc3 a6 12. Bxc6 bxc6 13. h3 Bf5 14. Bg5 Qc7
15. exd6 exd6 16. Re7 Qa5 17. Qd2 Rfe8 18. Rae1 Rxe7 19. Rxe7 Be6 20. Bh6 Qxa2
21. Qe3 Qb1+ 22. Kh2 Qf5 23. Bf4 Bf8 24. Rc7 a5 25. Nd2 a4 26. g4 Qa5 27. Rb7
d5 28. Be5 a3 29. Qf4 0-1

[Event "BL 0809 OSC Baden Baden - SF Katernberg"]
[Site "?"]
[Date "2009.02.01"]
[Round "11.4"]
[White "Naiditsch, Arkadij"]
[Black "Seel, Christian"]
[Result "1-0"]
[WhiteElo "2678"]
[BlackElo "2494"]
[PlyCount "83"]
[EventDate "2009.??.??"]

1. e4 e5 2. Nf3 Nc6 3. Bb5 a6 4. Ba4 Nf6 5. O-O Nxe4 6. d4 b5 7. Bb3 d5 8. dxe5
Be6 9. Nbd2 Be7 10. c3 O-O 11. Bc2 f5 12. Nb3 Qd7 13. Nbd4 Nxd4 14. Nxd4 c5 15.
Nxe6 Qxe6 16. f3 Ng5 17. a4 Rad8 18. axb5 axb5 19. Ra7 Rd7 20. Rxd7 Qxd7 21.
Qe2 g6 22. Be3 Ne6 23. Rd1 Qc6 24. f4 Rc8 25. g4 d4 26. Bc1 Kh8 27. h3 Rf8 28.
gxf5 gxf5 29. Kh2 dxc3 30. bxc3 b4 31. Bb3 bxc3 32. Bd5 Qc8 33. Rg1 Rg8 34. Qc4
Rxg1 35. Bxe6 Qd8 36. Kxg1 Qd1+ 37. Qf1 c2 38. Bb3 Qd4+ 39. Kh2 Qc3 40. Qc4 Qd4
41. Qf1 Qc3 42. Qc4 1-0

[Event "BL 0809 OSC Baden Baden - SF Katernberg"]
[Site "?"]
[Date "2009.02.01"]
[Round "11.5"]
[White "Siebrecht, Sebastian"]
[Black "Nielsen, Peter-Heine"]
[Result "1/2-1/2"]
[WhiteElo "2451"]
[BlackElo "2662"]
[PlyCount "50"]
[EventDate "2009.??.??"]

1. c4 c5 2. Nf3 Nc6 3. Nc3 g6 4. e3 Nf6 5. d4 cxd4 6. exd4 d5 7. Bg5 Ne4 8.
cxd5 Nxc3 9. bxc3 Qxd5 10. Be2 Bg7 11. O-O O-O 12. Qd2 Bf5 13. Rad1 Qd6 14. d5
Ne5 15. Nd4 Bd7 16. Qe3 Rfc8 17. Bf4 Qf6 18. Bg5 Qd6 19. Bf4 Qf6 20. Bg5 Qd6
21. Bf4 Qf6 22. Bg5 Qd6 23. Bf4 Qf6 24. Bg5 Qd6 25. Bf4 Qf6 1/2-1/2

[Event "BL 0809 OSC Baden Baden - SF Katernberg"]
[Site "?"]
[Date "2009.02.01"]
[Round "11.6"]
[White "Dautov, Rustem"]
[Black "Souleidis, Georgios"]
[Result "1-0"]
[WhiteElo "2601"]
[BlackElo "2440"]
[PlyCount "69"]
[EventDate "2009.??.??"]

1. d4 e6 2. c4 b6 3. a3 Bb7 4. Nc3 f5 5. d5 Be7 6. g3 Bf6 7. Bd2 Ne7 8. Bg2 Nc8
9. Rc1 Nd6 10. b3 Na6 11. Nh3 Nc5 12. Nf4 Qe7 13. O-O Nce4 14. Nxe4 Nxe4 15.
Bb4 Qf7 16. f3 Nc5 17. e4 g5 18. Ne2 O-O 19. f4 gxf4 20. exf5 fxg3 21. fxe6
gxh2+ 22. Kh1 dxe6 23. Nf4 e5 24. Bxc5 exf4 25. Bxf8 Qxf8 26. Rxf4 Qd6 27. Qg4+
Kh8 28. Rcf1 Rg8 29. Qh5 Qe5 30. Qxh2 Be7 31. Be4 h5 32. Bb1 Bd6 33. Qc2 Qe7
34. Rf6 Rg4 35. Rf8+ 1-0

[Event "BL 0809 OSC Baden Baden - SF Katernberg"]
[Site "?"]
[Date "2009.02.01"]
[Round "11.7"]
[White "Thesing, Matthias"]
[Black "Schlosser, Philipp"]
[Result "1/2-1/2"]
[WhiteElo "2403"]
[BlackElo "2567"]
[PlyCount "36"]
[EventDate "2009.??.??"]

1. e4 e5 2. Nf3 Nc6 3. Nc3 Nf6 4. Bb5 Bd6 5. d3 h6 6. O-O O-O 7. Ne2 a6 8. Bxc6
dxc6 9. Ng3 c5 10. b3 Re8 11. Bb2 Nh7 12. Nd2 Nf8 13. Nc4 Ng6 14. Ne2 Qg5 15.
Qc1 Nh4 16. Ng3 Ng6 17. Ne2 Nh4 18. Ng3 Ng6 1/2-1/2

[Event "BL 0809 OSC Baden Baden - SF Katernberg"]
[Site "?"]
[Date "2009.02.01"]
[Round "11.8"]
[White "Doettling, Fabian"]
[Black "Scholz, Christian"]
[Result "1-0"]
[WhiteElo "2564"]
[BlackElo "2372"]
[PlyCount "113"]
[EventDate "2009.??.??"]

1. d4 d5 2. Nf3 Nf6 3. c4 dxc4 4. e3 e6 5. Bxc4 a6 6. O-O c5 7. dxc5 Bxc5 8.
Qxd8+ Kxd8 9. Ne5 Ke7 10. Be2 Rd8 11. Nd2 Kf8 12. Nb3 Be7 13. Nc4 Nc6 14. Bf3
Nb4 15. Bd2 Rb8 16. a3 Nd3 17. Ba5 Rd7 18. Nc1 Nxc1 19. Raxc1 Bd8 20. Bb4+ Be7
21. Ne5 Rd8 22. Ba5 Re8 23. Bc7 Ra8 24. Nc4 Bd7 25. Nd6 Bxd6 26. Bxd6+ Kg8 27.
Bxb7 Ra7 28. Bf3 Ba4 29. Bc5 Rc7 30. Bb6 Rcc8 31. Bd4 Bb5 32. Rfd1 Rxc1 33.
Rxc1 e5 34. Bc3 Rc8 35. Bd2 Rxc1+ 36. Bxc1 e4 37. Bd1 Kf8 38. Bd2 Ke7 39. Bc3
Bd3 40. Bb3 Ne8 41. Bb4+ Kf6 42. f3 Kg6 43. Kf2 f5 44. Be7 exf3 45. gxf3 Bb5
46. Kg3 Bc6 47. Kf4 Nf6 48. Ke5 Bxf3 49. Bxf6 gxf6+ 50. Kf4 Be4 51. Be6 a5 52.
b4 axb4 53. axb4 Bc6 54. Bxf5+ Kg7 55. Bd3 h6 56. b5 Bb7 57. Be4 1-0

[Event "BL 0809 SC Eppingen - SV Mülheim Nord"]
[Site "?"]
[Date "2009.02.01"]
[Round "11.1"]
[White "Landa, Konstantin"]
[Black "Braun, Arik"]
[Result "1/2-1/2"]
[WhiteElo "2613"]
[BlackElo "2567"]
[PlyCount "33"]
[EventDate "2009.??.??"]

1. d4 d5 2. Nf3 c6 3. c4 dxc4 4. e3 Be6 5. Nc3 b5 6. a4 b4 7. Ne4 Nf6 8. Ng3
Bd5 9. Bd2 e6 10. Rc1 c5 11. dxc5 Bxc5 12. Bxc4 Nbd7 13. O-O O-O 14. Qe2 Qb6
15. e4 Bc6 16. b3 a5 17. Bf4 1/2-1/2

[Event "BL 0809 SC Eppingen - SV Mülheim Nord"]
[Site "?"]
[Date "2009.02.01"]
[Round "11.2"]
[White "Balogh, Csaba"]
[Black "Fridman, Daniel"]
[Result "1/2-1/2"]
[WhiteElo "2616"]
[BlackElo "2630"]
[PlyCount "28"]
[EventDate "2009.??.??"]

1. e4 c6 2. d4 d5 3. e5 c5 4. Nf3 Bg4 5. c4 cxd4 6. Qa4+ Bd7 7. Qb3 dxc4 8.
Bxc4 e6 9. Nxd4 Nc6 10. Nxc6 Bxc6 11. O-O Bc5 12. Bb5 Qb6 13. Bxc6+ Qxc6 14.
Be3 Bxe3 1/2-1/2

[Event "BL 0809 SC Eppingen - SV Mülheim Nord"]
[Site "?"]
[Date "2009.02.01"]
[Round "11.3"]
[White "Potkin, Vladimir"]
[Black "Gyimesi, Zoltan"]
[Result "1/2-1/2"]
[WhiteElo "2613"]
[BlackElo "2592"]
[PlyCount "41"]
[EventDate "2009.??.??"]

1. d4 Nf6 2. c4 e6 3. Nc3 Bb4 4. e3 O-O 5. Bd3 d5 6. Nf3 c5 7. O-O dxc4 8. Bxc4
Nbd7 9. a3 cxd4 10. axb4 dxc3 11. bxc3 Qc7 12. Qb3 Nb6 13. Be2 e5 14. Ra5 Be6
15. Qc2 Nbd7 16. c4 b6 17. Ra6 Rfc8 18. Nd2 Bd5 19. b5 Bb7 20. Ra3 a6 21. bxa6
1/2-1/2

[Event "BL 0809 SC Eppingen - SV Mülheim Nord"]
[Site "?"]
[Date "2009.02.01"]
[Round "11.4"]
[White "Bindrich, Falko"]
[Black "Levin, Felix"]
[Result "1/2-1/2"]
[WhiteElo "2517"]
[BlackElo "2536"]
[PlyCount "77"]
[EventDate "2009.??.??"]

1. d4 d5 2. c4 dxc4 3. e3 Nf6 4. Bxc4 e6 5. Nf3 c5 6. O-O a6 7. dxc5 Qxd1 8.
Rxd1 Bxc5 9. Nbd2 Nbd7 10. Be2 b6 11. Nc4 Bb7 12. b3 O-O 13. Bb2 Rfd8 14. Bd4
Bxd4 15. Nxd4 Kf8 16. Rac1 Ne8 17. b4 Rac8 18. f3 Rc7 19. e4 Rdc8 20. Nb3 Ke7
21. Kf2 Bc6 22. Na3 Bb7 23. Rxc7 Rxc7 24. Nc4 g6 25. h4 Bc6 26. Nd4 Ba4 27. Rd2
e5 28. Nb2 exd4 29. Nxa4 b5 30. Nb2 Rc3 31. a4 Nd6 32. axb5 Nxb5 33. Nd1 Rb3
34. Bxb5 axb5 35. Rxd4 Nb8 36. Ne3 Nc6 37. Nd1 Nb8 38. Ne3 Nc6 39. Nd5+ 1/2-1/2

[Event "BL 0809 SC Eppingen - SV Mülheim Nord"]
[Site "?"]
[Date "2009.02.01"]
[Round "11.6"]
[White "Acs, Peter"]
[Black "Hausrath, Daniel"]
[Result "1/2-1/2"]
[WhiteElo "2542"]
[BlackElo "2493"]
[PlyCount "43"]
[EventDate "2009.??.??"]

1. e4 c5 2. c3 d5 3. exd5 Qxd5 4. d4 Nf6 5. Nf3 Bg4 6. Be2 e6 7. O-O Nc6 8. Be3
cxd4 9. Nxd4 Bxe2 10. Qxe2 Nxd4 11. Bxd4 Be7 12. Rd1 Qc6 13. Rd3 O-O 14. Nd2
Rfd8 15. Rd1 Nd5 16. Qg4 f6 17. Nb3 b6 18. Qe4 Nb4 19. Re3 Qxe4 20. Rxe4 e5 21.
cxb4 Bxb4 22. Rc1 1/2-1/2

[Event "BL 0809 SC Eppingen - SV Mülheim Nord"]
[Site "?"]
[Date "2009.02.01"]
[Round "11.7"]
[White "Saltaev, Mihail"]
[Black "Medvegy, Zoltan"]
[Result "1/2-1/2"]
[WhiteElo "2484"]
[BlackElo "2556"]
[PlyCount "50"]
[EventDate "2009.??.??"]

1. e4 c6 2. d4 d5 3. Nd2 dxe4 4. Nxe4 Bf5 5. Ng3 Bg6 6. h4 h6 7. Nf3 Nd7 8. h5
Bh7 9. Bd3 Bxd3 10. Qxd3 e6 11. Bd2 Ngf6 12. O-O-O Be7 13. Rhe1 O-O 14. Qe2 c5
15. Kb1 Qb6 16. c3 a5 17. Bc1 Rfe8 18. Ne5 cxd4 19. Nxd7 Nxd7 20. Rxd4 Nf6 21.
Ne4 Red8 22. Be3 Nxe4 23. Rxe4 Bc5 24. Re5 Bxe3 25. Qxe3 Qxe3 1/2-1/2

[Event "BL 0809 SC Eppingen - SV Mülheim Nord"]
[Site "?"]
[Date "2009.02.01"]
[Round "11.8"]
[White "Guliyev, Namig"]
[Black "Schebler, Gerhard"]
[Result "1-0"]
[WhiteElo "2521"]
[BlackElo "2467"]
[PlyCount "91"]
[EventDate "2009.??.??"]

1. e4 e6 2. d4 d5 3. Nc3 Nc6 4. Nf3 Nf6 5. Bg5 Bb4 6. Bd3 h6 7. Bxf6 Qxf6 8. e5
Bxc3+ 9. bxc3 Qe7 10. O-O Na5 11. Nd2 Bd7 12. Qg4 g6 13. a4 c5 14. Rfb1 c4 15.
Bf1 O-O-O 16. h4 Rdg8 17. Nf3 b6 18. Qg3 Qe8 19. Rb4 Nc6 20. Rb2 Na5 21. Rba2
Qe7 22. Nh2 h5 23. Nf3 Rf8 24. Ng5 Kb7 25. Qe3 Bc6 26. g3 Kc7 27. Bh3 Kb7 28.
Qf4 Kc7 29. Re1 Qd7 30. Re3 Nb7 31. Qf6 Kb8 32. Rf3 Nd8 33. a5 b5 34. a6 Ka8
35. Ra1 Kb8 36. Qf4 Kc7 37. Qc1 Re8 38. Rf6 Qe7 39. Qb2 Rhf8 40. Qa2 Kc8 41.
Qa5 Qc7 42. Qa3 Qe7 43. Qb2 Qc7 44. Re1 Bd7 45. Qa3 Bc6 46. Bxe6+ 1-0

[Event "BL 0809 Solinger SG - Hamburger SK"]
[Site "?"]
[Date "2009.02.01"]
[Round "11.2"]
[White "Jussupow, Artur"]
[Black "Kempinski, Robert"]
[Result "1/2-1/2"]
[WhiteElo "2570"]
[BlackElo "2595"]
[PlyCount "36"]
[EventDate "2009.??.??"]

1. d4 Nf6 2. c4 c6 3. Nf3 d5 4. e3 a6 5. Nc3 e6 6. b3 Bb4 7. Bd2 Nbd7 8. Bd3
O-O 9. Qc2 Bd6 10. Ne2 e5 11. cxd5 cxd5 12. dxe5 Nxe5 13. Nxe5 Bxe5 14. Bc3
Bxc3+ 15. Qxc3 Bg4 16. O-O Rc8 17. Qd4 Bxe2 18. Bxe2 Qa5 1/2-1/2

[Event "BL 0809 Solinger SG - Hamburger SK"]
[Site "?"]
[Date "2009.02.01"]
[Round "11.3"]
[White "Ftacnik, Lubomir Dr"]
[Black "Buhmann, Rainer"]
[Result "0-1"]
[WhiteElo "2571"]
[BlackElo "2541"]
[PlyCount "84"]
[EventDate "2009.??.??"]

1. d4 d5 2. Nf3 Nf6 3. c4 c6 4. Nc3 a6 5. a4 e6 6. g3 Bb4 7. Bg2 O-O 8. O-O
Nbd7 9. Qb3 a5 10. Bf4 b6 11. cxd5 cxd5 12. Nb5 Bb7 13. Rfc1 Rc8 14. Bc7 Qe7
15. Na7 Ra8 16. Nc6 Bxc6 17. Rxc6 Rfc8 18. Rac1 Qe8 19. R6c2 Ne4 20. Bf4 h6 21.
h4 Bd6 22. Bxd6 Nxd6 23. Ne5 Rxc2 24. Rxc2 Rc8 25. Rxc8 Nxc8 26. Qb5 Nf6 27.
Qa6 Nd7 28. Qb7 Nxe5 29. dxe5 g5 30. hxg5 hxg5 31. e3 Kg7 32. Bf1 Ne7 33. Qc7
Ng6 34. b3 Qf8 35. Qxb6 Nxe5 36. Qxa5 Nf3+ 37. Kg2 g4 38. Be2 Qh8 39. Bxf3 Qh3+
40. Kg1 gxf3 41. Qc3+ f6 42. Qc7+ Kg6 0-1

[Event "BL 0809 Solinger SG - Hamburger SK"]
[Site "?"]
[Date "2009.02.01"]
[Round "11.4"]
[White "Naumann, Alexander"]
[Black "Mueller, Karsten Dr"]
[Result "1/2-1/2"]
[WhiteElo "2518"]
[BlackElo "2517"]
[PlyCount "29"]
[EventDate "2009.??.??"]

1. Nf3 Nf6 2. c4 c5 3. Nc3 Nc6 4. d4 cxd4 5. Nxd4 g6 6. e4 d6 7. Nc2 Bg7 8. Be2
O-O 9. O-O Be6 10. Rb1 Nd7 11. Nd5 Nc5 12. f3 f5 13. b4 Na4 14. b5 Na5 15. Nce3
1/2-1/2

[Event "BL 0809 Solinger SG - Hamburger SK"]
[Site "?"]
[Date "2009.02.01"]
[Round "11.5"]
[White "Heinemann, Thies"]
[Black "Ragger, Markus"]
[Result "1/2-1/2"]
[WhiteElo "2490"]
[BlackElo "2518"]
[PlyCount "141"]
[EventDate "2009.??.??"]

1. e4 e5 2. Nf3 Nc6 3. Bb5 a6 4. Bxc6 dxc6 5. O-O Be6 6. Nxe5 Qd4 7. Nf3 Qxe4
8. Ng5 Qf5 9. Nxe6 fxe6 10. d3 O-O-O 11. Nd2 Nf6 12. Nc4 Bd6 13. Bd2 Rhf8 14.
Qe2 Rde8 15. Bc3 Nd5 16. Be5 Bxe5 17. Nxe5 Nf4 18. Qe4 Rd8 19. Rae1 Rd5 20. g3
Nh3+ 21. Kg2 Ng5 22. Qxf5 exf5 23. f4 Nf7 24. Nxf7 Rxf7 25. Re3 Rd8 26. Rfe1
Kd7 27. Re5 Rg8 28. d4 g6 29. c3 b6 30. b4 Rgg7 31. a4 Re7 32. Kf3 h6 33. R1e2
Rh7 34. a5 b5 35. R2e3 Rhg7 36. Ke2 Rgf7 37. Kd3 Rg7 38. c4 Kd6 39. d5 bxc4+
40. Kxc4 cxd5+ 41. Rxd5+ Kc6 42. Rc5+ Kb7 43. Rxe7 Rxe7 44. Re5 Rd7 45. Re6 g5
46. fxg5 hxg5 47. Rf6 f4 48. gxf4 gxf4 49. Rxf4 Rh7 50. h4 Kc6 51. Rg4 Rh6 52.
Kc3 Rh7 53. Rc4+ Kd6 54. Kb3 Rh8 55. Ka4 Rh5 56. Rg4 Kd7 57. Rd4+ Kc6 58. Kb3
Rh8 59. Rc4+ Kd6 60. Kc3 Rh7 61. Kd3 c5 62. bxc5+ Kc6 63. Rb4 Kxc5 64. Rg4 Kc6
65. Ke3 Rh5 66. Ra4 Kb5 67. Rg4 Kc6 68. Kf4 Rxa5 69. Rg6+ Kd7 70. h5 Rxh5 71.
Rxa6 1/2-1/2

[Event "BL 0809 Solinger SG - Hamburger SK"]
[Site "?"]
[Date "2009.02.01"]
[Round "11.6"]
[White "Ernst, Sipke"]
[Black "Reeh, Oliver"]
[Result "1-0"]
[WhiteElo "2576"]
[BlackElo "2429"]
[PlyCount "111"]
[EventDate "2009.??.??"]

1. d4 Nf6 2. c4 e6 3. Nc3 Bb4 4. Qc2 O-O 5. a3 Bxc3+ 6. Qxc3 Qe8 7. f3 d6 8.
Bg5 Nfd7 9. e4 e5 10. dxe5 Nxe5 11. O-O-O h6 12. Be3 f5 13. exf5 Bxf5 14. Ne2
Nbc6 15. Nf4 b6 16. Be2 Qf7 17. Rhe1 Rae8 18. b3 Bh7 19. Kb2 Nd7 20. c5 Rxe3
21. Qxe3 Qf6+ 22. Ka2 Nxc5 23. Nd5 Qg6 24. Rd2 Kh8 25. Bb5 Na5 26. Qe7 Rg8 27.
Be8 Qf5 28. Ne3 Qc8 29. Bf7 Rf8 30. Ng4 Naxb3 31. Bxb3 Nxb3 32. Kxb3 Rf5 33.
Qe2 Qd7 34. Kb2 Bg8 35. Rd4 a5 36. Ka1 Qf7 37. Re4 h5 38. Re7 Qb3 39. Re3 Qa4
40. Nf2 Rb5 41. Qd2 Rd5 42. Qc1 b5 43. Qb2 b4 44. g3 c5 45. Re7 Rd4 46. f4 bxa3
47. Qe2 Rd5 48. Re4 Qb3 49. Re3 Qb4 50. Ne4 Bf7 51. Nc3 Rd4 52. Rb1 Qc4 53.
Qxc4 Bxc4 54. Rd1 Kh7 55. Rxd4 cxd4 56. Re4 1-0

[Event "BL 0809 Solinger SG - Hamburger SK"]
[Site "?"]
[Date "2009.02.01"]
[Round "11.7"]
[White "Huschenbeth, Niclas"]
[Black "Hoffmann, Michael"]
[Result "1-0"]
[WhiteElo "2417"]
[BlackElo "2469"]
[PlyCount "77"]
[EventDate "2009.??.??"]

1. e4 c5 2. Nf3 e6 3. d4 cxd4 4. Nxd4 a6 5. Bd3 Bc5 6. Nb3 Be7 7. Qg4 g6 8. Qe2
d6 9. O-O Nd7 10. Na3 b6 11. Nc4 Bb7 12. Kh1 Qc7 13. f4 d5 14. exd5 Bxd5 15.
Ne5 b5 16. a4 b4 17. Bxa6 Nxe5 18. fxe5 Bxg2+ 19. Kxg2 Qc6+ 20. Qf3 Qxf3+ 21.
Rxf3 Rxa6 22. Bd2 g5 23. c3 bxc3 24. Rxc3 Kf8 25. Nd4 Nh6 26. Nc6 Nf5 27. b4
Kg7 28. b5 Rb6 29. Nxe7 Nxe7 30. Bxg5 Nd5 31. Rg3 Kf8 32. a5 Rxb5 33. a6 Rb8
34. a7 Ra8 35. Rb1 Ke8 36. Rb7 h5 37. Bf6 Rf8 38. Ra3 Rg8+ 39. Kf2 1-0

[Event "BL 0809 Solinger SG - Hamburger SK"]
[Site "?"]
[Date "2009.02.01"]
[Round "11.8"]
[White "Edouard, Romain"]
[Black "Sebastian, Dirk"]
[Result "1/2-1/2"]
[WhiteElo "2531"]
[BlackElo "2432"]
[PlyCount "92"]
[EventDate "2009.??.??"]

1. Nf3 g6 2. e4 Bg7 3. d4 d6 4. c3 Nf6 5. Bd3 O-O 6. O-O Nc6 7. Re1 e5 8. Na3
Bg4 9. Nc2 d5 10. Bg5 dxe4 11. Bxe4 exd4 12. Bxc6 bxc6 13. Ncxd4 c5 14. Nc6
Qxd1 15. Raxd1 Rfe8 16. Re7 Rxe7 17. Nxe7+ Kf8 18. Nc6 h6 19. Bf4 Bd7 20. Nfe5
Be8 21. Be3 Kg8 22. Bxc5 Kh7 23. Re1 Nd5 24. Nd4 Nf4 25. Ba3 Nd5 26. Nec6 Nb6
27. Re7 Nd5 28. Re2 a5 29. g3 a4 30. f4 Nb6 31. Bc5 Nc4 32. Nb4 Rb8 33. Nd5
Nxb2 34. Nxc7 Bd7 35. Na6 Rb7 36. Nb4 Nd1 37. Nd5 Nxc3 38. Nxc3 Rc7 39. Re7
Rxc5 40. Rxd7 Rxc3 41. Rxf7 Kg8 42. Rd7 Rc1+ 43. Kf2 Ra1 44. Ke3 Bxd4+ 45. Rxd4
Rxa2 46. Ke4 Re2+ 1/2-1/2

[Event "BL 0809 SV Wattenscheid - Schachfr. Ber"]
[Site "?"]
[Date "2009.02.01"]
[Round "11.2"]
[White "Rustemov, Alexander"]
[Black "Miezis, Normunds"]
[Result "1/2-1/2"]
[WhiteElo "2520"]
[BlackElo "2557"]
[PlyCount "57"]
[EventDate "2009.??.??"]

1. d4 Nf6 2. Nf3 e6 3. c4 Bb4+ 4. Bd2 a5 5. g3 c5 6. dxc5 Bxc5 7. Qc2 Na6 8.
Bg2 Nb4 9. Bxb4 axb4 10. O-O d6 11. Nbd2 Bd7 12. Ne1 Qb6 13. Nd3 O-O 14. Nxc5
dxc5 15. Ne4 Nxe4 16. Bxe4 h6 17. a3 bxa3 18. Rxa3 Rxa3 19. bxa3 Bc6 20. Rb1
Qa6 21. Bxc6 Qxc6 22. Rd1 Qc7 23. Qe4 b6 24. Kg2 Rd8 25. Rxd8+ Qxd8 26. Qc6 g5
27. a4 Kg7 28. h3 Qb8 29. e3 1/2-1/2

[Event "BL 0809 SV Wattenscheid - Schachfr. Ber"]
[Site "?"]
[Date "2009.02.01"]
[Round "11.3"]
[White "Polzin, Rainer"]
[Black "Appel, Ralf"]
[Result "1/2-1/2"]
[WhiteElo "2500"]
[BlackElo "2541"]
[PlyCount "83"]
[EventDate "2009.??.??"]

1. e4 g6 2. d4 Bg7 3. Nc3 c6 4. h3 d5 5. Nf3 Nh6 6. Bd3 f6 7. O-O O-O 8. Ne2
Na6 9. c4 Nb4 10. exd5 cxd5 11. Nf4 Nxd3 12. Qxd3 Bf5 13. Qb3 dxc4 14. Qxc4+
Nf7 15. d5 Qd6 16. Nd4 Bd7 17. Nfe6 Rfc8 18. Qb3 Bh6 19. Bxh6 Nxh6 20. Rad1 Nf7
21. Rfe1 Rab8 22. h4 h5 23. g4 hxg4 24. h5 Ne5 25. hxg6 Bxe6 26. dxe6 Rc4 27.
Rxe5 Rxd4 28. Rd5 Qxd5 29. Qxd5 Rxd5 30. Rxd5 Kg7 31. Rd7 Kxg6 32. Rxe7 Kf5 33.
Kg2 a5 34. Kg3 a4 35. Rc7 Kxe6 36. Kxg4 Kd6 37. Rc2 Ke6 38. Re2+ Kf7 39. f4 Rc8
40. Re4 b5 41. f5 Rc2 42. Rb4 1/2-1/2

[Event "BL 0809 SV Wattenscheid - Schachfr. Ber"]
[Site "?"]
[Date "2009.02.01"]
[Round "11.4"]
[White "Handke, Florian"]
[Black "Lauber, Arnd"]
[Result "1/2-1/2"]
[WhiteElo "2498"]
[BlackElo "2497"]
[PlyCount "81"]
[EventDate "2009.??.??"]

1. e4 c6 2. d4 d5 3. e5 Bf5 4. Nf3 e6 5. Be2 Nd7 6. O-O Bg6 7. c3 Ne7 8. Nh4
Nf5 9. Nxg6 hxg6 10. Nd2 f6 11. Nf3 Qc7 12. g3 O-O-O 13. Re1 g5 14. Bxg5 fxg5
15. Nxg5 Re8 16. Bh5 Re7 17. Bg6 Nh6 18. Rc1 Kb8 19. b3 Nb6 20. a4 Qc8 21. c4
Rc7 22. c5 Na8 23. h4 Be7 24. Kg2 Bxg5 25. hxg5 Nf5 26. Qd3 Ne7 27. Rh1 Rf8 28.
Rh7 Nxg6 29. Qxg6 Rcf7 30. f4 Qd7 31. Rch1 Nc7 32. Rh8 Ne8 33. Rxf8 Rxf8 34. g4
Rxf4 35. Rh8 Rf7 36. Qh7 Kc7 37. g6 Rf4 38. Kg3 Rf1 39. Kg2 Rf4 40. Kg3 Rf1 41.
Kg2 1/2-1/2

[Event "BL 0809 SV Wattenscheid - Schachfr. Ber"]
[Site "?"]
[Date "2009.02.01"]
[Round "11.5"]
[White "Schneider, Ilja"]
[Black "Dinstuhl, Volkmar Dr"]
[Result "1-0"]
[WhiteElo "2486"]
[BlackElo "2436"]
[PlyCount "55"]
[EventDate "2009.??.??"]

1. e4 e5 2. Nf3 Nc6 3. Bb5 a6 4. Ba4 Nf6 5. O-O Be7 6. Re1 b5 7. Bb3 d6 8. c3
O-O 9. d4 Bg4 10. Be3 exd4 11. cxd4 Na5 12. Bc2 c5 13. dxc5 dxc5 14. Nc3 Nc4
15. e5 Nd7 16. Bf4 Re8 17. h3 Bh5 18. b3 Ncb6 19. Be4 Ra7 20. Qc2 Nf8 21. Rad1
Qc8 22. a4 Ne6 23. Bxh7+ Kh8 24. Bf5 g6 25. Bxe6 Qxe6 26. Qe4 Qxb3 27. e6 f5
28. Qc6 1-0

[Event "BL 0809 SV Wattenscheid - Schachfr. Ber"]
[Site "?"]
[Date "2009.02.01"]
[Round "11.7"]
[White "Degtiarev, Evgeny"]
[Black "Straeter, Timo"]
[Result "1/2-1/2"]
[WhiteElo "2388"]
[BlackElo "2303"]
[PlyCount "100"]
[EventDate "2009.??.??"]

1. d4 d5 2. Nf3 Nf6 3. c4 e6 4. Nc3 Nbd7 5. cxd5 exd5 6. g3 c6 7. Bg2 Be7 8.
O-O O-O 9. Ne1 Re8 10. f3 Bf8 11. Kh1 a6 12. e4 dxe4 13. fxe4 c5 14. dxc5 Bxc5
15. Bf4 Bb6 16. Nd3 Nf8 17. Bg5 Bd4 18. e5 h6 19. Bxf6 gxf6 20. Nd5 Nh7 21.
Nxf6+ Nxf6 22. exf6 Bxf6 23. Qf3 Re6 24. Nc5 Rb6 25. Ne4 Kg7 26. Rad1 Qe7 27.
Nxf6 Qxf6 28. Qxf6+ Rxf6 29. Rxf6 Kxf6 30. Rd8 Ke7 31. Rh8 Kd6 32. h4 Rb8 33.
h5 Kc7 34. Rxh6 Be6 35. Rf6 Rh8 36. Bf3 Kd6 37. Kg2 Ke5 38. Rf4 Bxa2 39. Re4+
Kd6 40. g4 Be6 41. Rf4 b6 42. Kg3 a5 43. Rd4+ Ke5 44. Re4+ Kd6 45. Kf4 f6 46.
Re3 b5 47. Rc3 Bd7 48. Rd3+ Ke7 49. Re3+ Kd6 50. Rd3+ Ke7 1/2-1/2

[Event "BL 0809 SV Wattenscheid - Schachfr. Ber"]
[Site "?"]
[Date "2009.02.01"]
[Round "11.8"]
[White "Thiel, Thomas"]
[Black "Thiede, Lars"]
[Result "0-1"]
[WhiteElo "2286"]
[BlackElo "2464"]
[PlyCount "86"]
[EventDate "2009.??.??"]

1. b3 e5 2. Bb2 Nc6 3. e3 g6 4. Nf3 Bg7 5. Bb5 Nge7 6. d4 e4 7. Nfd2 f5 8. g3
O-O 9. h4 d5 10. Bxc6 Nxc6 11. Nc3 Be6 12. Ne2 Qd7 13. a3 a5 14. Nf4 Nd8 15. c4
c6 16. Rc1 Bf7 17. Qc2 Ne6 18. Nb1 a4 19. c5 axb3 20. Qxb3 Ra6 21. Nc3 Rfa8 22.
Nxe6 Bxe6 23. Rb1 f4 24. gxf4 Bg4 25. Bc1 R8a7 26. Kd2 h5 27. Rh2 Kh7 28. Ne2
Bf6 29. Ng3 Bf3 30. Bb2 Bd8 31. Rg1 b5 32. Kc1 Ra4 33. Nf1 b4 34. axb4 Qb7 35.
b5 R4a5 36. b6 Rb5 37. Qxb5 cxb5 38. bxa7 Qxa7 39. Nd2 Bg4 40. f3 exf3 41. Rf1
Qa4 42. Rff2 Ba5 43. Rh1 Bf5 0-1

[Event "BL 0809 SC Remagen - Werder Bremen"]
[Site "?"]
[Date "2009.02.01"]
[Round "11.1"]
[White "McShane, Luke James"]
[Black "Goloshchapov, Alexander"]
[Result "1-0"]
[WhiteElo "2596"]
[BlackElo "2579"]
[PlyCount "69"]
[EventDate "2009.??.??"]

1. e4 e6 2. d4 d5 3. Nd2 dxe4 4. Nxe4 Nd7 5. Nf3 Ngf6 6. Nxf6+ Nxf6 7. Be3 Nd5
8. Qd2 Bd6 9. O-O-O Qe7 10. Bc4 Nxe3 11. Qxe3 O-O 12. Rhe1 Bd7 13. d5 Qf6 14.
Ne5 Bxe5 15. Qxe5 Qxf2 16. dxe6 Bxe6 17. Bxe6 fxe6 18. Qxe6+ Kh8 19. Qe4 Qf7
20. b3 b6 21. Kb2 Rae8 22. Qc6 Rxe1 23. Rxe1 Rd8 24. Re3 h6 25. Rc3 Rd2 26. h3
a5 27. g4 Rd7 28. h4 Re7 29. g5 Qf4 30. g6 Qe5 31. h5 Re8 32. a4 Rf8 33. Qxc7
Qxh5 34. Qf7 Rd8 35. Re3 1-0

[Event "BL 0809 SC Remagen - Werder Bremen"]
[Site "?"]
[Date "2009.02.01"]
[Round "11.2"]
[White "Gharamian, Tigran"]
[Black "Fressinet, Laurent"]
[Result "1/2-1/2"]
[WhiteElo "2555"]
[BlackElo "2676"]
[PlyCount "44"]
[EventDate "2009.??.??"]

1. e4 e5 2. Nf3 Nc6 3. Bb5 Nf6 4. O-O Nxe4 5. d4 Nd6 6. Bxc6 dxc6 7. dxe5 Nf5
8. Qxd8+ Kxd8 9. Nc3 h6 10. h3 Ke8 11. Ne2 Ne7 12. Re1 Ng6 13. Ng3 h5 14. Ne4
h4 15. Bg5 Rh5 16. Rad1 Be6 17. Nd4 Be7 18. Bxe7 Kxe7 19. Nc5 Bc8 20. Nd3 Bd7
21. Nc5 Bc8 22. Nd3 Bd7 1/2-1/2